| 000 | 00350nam a22001097a 4500 | ||
|---|---|---|---|
| 082 | _a629.224 SER'V | ||
| 100 |
_aVAUXHALL MOTOR _976689 |
||
| 245 | _aSERVICE TRAINING MANUAL FOR 300 CU IN GASOLINE ENGINE AND CLUTCH BEDFORD MODELS TD, TC S AND RWITH SUPPLEMENT FOR MODEL TJ | ||
| 260 |
_aENGLAND _bVAUXHALL MOTOR _c1959 |
||
| 300 | _a135P | ||
| 942 | _cBK | ||
| 999 |
_c584754 _d584754 |
||